Public Sector Performance Measurement/ (Record no. 4214)

000 -LEADER
fixed length control field 00901cam a2200277 a 4500
001 - CONTROL NUMBER
control field 15615155
003 - CONTROL NUMBER IDENTIFIER
control field OSt
005 - DATE AND TIME OF LATEST TRANSACTION
control field 20250130165109.0
008 - FIXED-LENGTH DATA ELEMENTS--GENERAL INFORMATION
fixed length control field 090206s2009 njua b 001 0 eng
010 ## - LIBRARY OF CONGRESS CONTROL NUMBER
LC control number 2009004092
020 ## - INTERNATIONAL STANDARD BOOK NUMBER
International Standard Book Number 9789966065391
035 ## - SYSTEM CONTROL NUMBER
System control number (OCoLC)ocn260029177
040 ## - CATALOGING SOURCE
Original cataloging agency DLC
Transcribing agency DLC
Modifying agency YDXCP
-- BTCTA
-- UKM
-- YDX
-- CDX
-- C#P
-- BWX
-- DLC
050 00 - LIBRARY OF CONGRESS CALL NUMBER
Classification number HG4529.M85 2019
082 00 - DEWEY DECIMAL CLASSIFICATION NUMBER
Classification number 332.63/2042
Edition number 22
100 ## - MAIN ENTRY--PERSONAL NAME
Personal name Muli, Maundu
245 ## - TITLE STATEMENT
Title Public Sector Performance Measurement/
Statement of responsibility, etc Maundu Muli
260 ## - PUBLICATION, DISTRIBUTION, ETC. (IMPRINT)
Place of publication, distribution, etc Nairobi
Date of publication, distribution, etc 2019
300 ## - PHYSICAL DESCRIPTION
Extent 357 p:
Other physical details ill. ;
Dimensions 26 cm.
490 1# - SERIES STATEMENT
Series statement CFA Institute investment perspectives series
650 #0 - SUBJECT ADDED ENTRY--TOPICAL TERM
Topical term or geographic name as entry element Investment analysis.
650 #0 - SUBJECT ADDED ENTRY--TOPICAL TERM
Topical term or geographic name as entry element Investments.
906 ## - LOCAL DATA ELEMENT F, LDF (RLIN)
a 7
b cbc
c orignew
d 1
e ecip
f 20
g y-gencatlg
942 ## - ADDED ENTRY ELEMENTS (KOHA)
Source of classification or shelving scheme
Koha item type Book
Holdings
Withdrawn status Lost status Source of classification or shelving scheme Damaged status Not for loan Home library Current library Shelving location Date acquired Total Checkouts Full call number Barcode Date last seen Copy number Price effective from Koha item type
          Riara University Library Riara University Library General stack 30/10/2019   HG4529.M85 2019 10285/19 30/10/2019 C.1 30/10/2019 Book
          Riara University Library Riara University Library General stack 30/10/2019   HG4529.M85 2019 10286/19 30/10/2019 C.2 30/10/2019 Book
          Riara University Library Riara University Library General stack 30/10/2019   HG4529.M85 2019 10287/19 30/10/2019 C.3 30/10/2019 Book
          Riara University Library Riara University Library General stack 30/10/2019   HG4529.M85 2019 10527/21 01/09/2021 C.4 01/09/2021 Book

Riara University Library,
P.O. Box 49940-00100,
Nairobi, Kenya.